000 00800nam a2200277 i 4500
001 bg
100 1 _aMisiak, Jan
_d(1942- ).
245 1 0 _aMechanika ogólna.
_nT. 1,
_pStatyka i kinematyka /
_cJan Misiak.
250 _aWyd. 4 popr.
260 _aWarszawa :
_bWydawnictwwa Naukowo-Techniczne,
_c1993.
300 _a325, [1] s. ;
_crys., wykr.
_c24 cm.
490 1 _aPodręczniki Akademickie.
_pMechanika
504 _aBibliogr. s. 325-[326].
650 4 _aMechanika
655 4 _aPodręczniki akademickie
830 _aPodręczniki Akademickie.
_pMechanika
020 _a8320416310 (t.1)
040 _cBPK
041 _apol
080 _a621.01
080 _a531.1/.3
080 _a(075.8)
920 _a83-204-1631-0 (t.1)
942 _cKS
008 s pl f |000 0 pol
999 _c5974
_d5974
856 _uhttp://koha.tu.koszalin.pl/cgi-bin/koha/opac-detail.pl?biblionumber=5974
_yKatalog online BPK